<?xml version="1.0" encoding="UTF-8"?>
<record
    xmlns:xsi="http://www.w3.org/2001/XMLSchema-instance"
    xsi:schemaLocation="http://www.loc.gov/MARC21/slim http://www.loc.gov/standards/marcxml/schema/MARC21slim.xsd"
    xmlns="http://www.loc.gov/MARC21/slim">

  <leader>01763nam a22001697a 4500</leader>
  <datafield tag="999" ind1=" " ind2=" ">
    <subfield code="c">26512</subfield>
    <subfield code="d">26512</subfield>
  </datafield>
  <datafield tag="020" ind1=" " ind2=" ">
    <subfield code="a">9780199489879</subfield>
  </datafield>
  <datafield tag="082" ind1=" " ind2=" ">
    <subfield code="a">349.54</subfield>
    <subfield code="b">SIN-I</subfield>
  </datafield>
  <datafield tag="100" ind1=" " ind2=" ">
    <subfield code="a">Singh, Mahendra Pal</subfield>
  </datafield>
  <datafield tag="100" ind1=" " ind2=" ">
    <subfield code="a">Kumar, Niraj</subfield>
  </datafield>
  <datafield tag="245" ind1=" " ind2=" ">
    <subfield code="a">Indian Legal System </subfield>
    <subfield code="b">: An Enquiry</subfield>
  </datafield>
  <datafield tag="260" ind1=" " ind2=" ">
    <subfield code="a">New Delhi </subfield>
    <subfield code="b">Oxford University Press</subfield>
    <subfield code="c">2019</subfield>
  </datafield>
  <datafield tag="300" ind1=" " ind2=" ">
    <subfield code="a">xxi,247p.</subfield>
  </datafield>
  <datafield tag="504" ind1=" " ind2=" ">
    <subfield code="a">Including index</subfield>
  </datafield>
  <datafield tag="520" ind1=" " ind2=" ">
    <subfield code="a">Legal, anthropological, and historical literature acknowledges the undisputed presence of multiple legal traditions in India. However, the existence of uniform laws applicable to all citizens, questions plurality at some levels. The existence of multiple non-state legal traditions alongside a proclaimed formal state legal system certainly poses a challenge to the common law identity of the Indian legal system. It is historically acknowledged that colonialism and law share a reciprocal relationship, where law was used for the expansion of colonial rule, and was not an accurate reflection of the needs of society. When common law was introduced in India by the British to better integrate the Indian legal system, they did not refer to the prevailing legal practices of the time. Neither was it an exact appropriation of common law as understood in England. The book argues that this is the underlying cause for the gap between the state legal system and traditional community practices. This is arguably the reason behind preference for non-state legal practices among several communities in India, despite the existence of a formal state legal system. The central theme of the book is that legal systems cannot be seen or studied in isolation of the cultures of groups whose affairs they regulate. </subfield>
  </datafield>
  <datafield tag="650" ind1=" " ind2=" ">
    <subfield code="a">Law and legislation</subfield>
    <subfield code="v">Legal polycentricity</subfield>
    <subfield code="v">Law</subfield>
    <subfield code="z">India</subfield>
  </datafield>
  <datafield tag="942" ind1=" " ind2=" ">
    <subfield code="2">ddc</subfield>
    <subfield code="c">BK</subfield>
  </datafield>
  <datafield tag="952" ind1=" " ind2=" ">
    <subfield code="0">0</subfield>
    <subfield code="1">0</subfield>
    <subfield code="4">0</subfield>
    <subfield code="7">0</subfield>
    <subfield code="a">NASSDOC</subfield>
    <subfield code="b">NASSDOC</subfield>
    <subfield code="d">2021-02-04</subfield>
    <subfield code="e">Overseas Press India Private Limited</subfield>
    <subfield code="g">653.35</subfield>
    <subfield code="i">2021-01-27</subfield>
    <subfield code="l">0</subfield>
    <subfield code="o">349.54 SIN-I</subfield>
    <subfield code="p">51235</subfield>
    <subfield code="r">2021-02-12 00:00:00</subfield>
    <subfield code="v">895.00</subfield>
    <subfield code="w">2021-02-12</subfield>
    <subfield code="y">BK</subfield>
  </datafield>
</record>
